Niektoré otázky decentralizácie a divizionalizácie v amerických firmách.
Postoje k decentralizácii rozhodovania a princípy jej uplatňovania v amerických firmách. Prevládnutie názoru, že decentralizácia je najvhodnejšou formou racionálnej organizácie firiem a kľúčom ich efektívneho fungovania. Decentralizácia umožňuje realizovať konkurenciu vnútri firmy. Formulácia princí...
Guardado en:
| Autor principal: | |
|---|---|
| Formato: | Capítulo de libro |
| Lenguaje: | eslovaco |
| Materias: | |
| Etiquetas: |
Sin Etiquetas, Sea el primero en etiquetar este registro!
|
MARC
| LEADER | 00000naa a2200000 4500 | ||
|---|---|---|---|
| 001 | r006238 | ||
| 005 | 20221125071237.5 | ||
| 041 | 0 | |a slo | |
| 044 | |a [CS] | ||
| 245 | 1 | 0 | |a Niektoré otázky decentralizácie a divizionalizácie v amerických firmách. |c Mikuláš Sedlák |
| 520 | |a Postoje k decentralizácii rozhodovania a princípy jej uplatňovania v amerických firmách. Prevládnutie názoru, že decentralizácia je najvhodnejšou formou racionálnej organizácie firiem a kľúčom ich efektívneho fungovania. Decentralizácia umožňuje realizovať konkurenciu vnútri firmy. Formulácia princípov, resp. pravidiel uskutočňovania decentralizácie právomoci. | ||
| 610 | 2 | 0 | |a decentralizácia |
| 610 | 2 | 0 | |a firmy |
| 610 | 2 | 0 | |a USA |
| 610 | 2 | 0 | |a organizácia podniku |
| 610 | 2 | 0 | |a konkurencia |
| 610 | 2 | 0 | |a rozhodovanie |
| 100 | 1 | |a Sedlák, Mikuláš | |